La salud de las mujeres en Chile

Furkejuvvon:
Bibliográfalaš dieđut
Váldodahkkit: Arteaga, Ana María (Dahkki), Figueroa, Virginia (Dahkki)
Materiálatiipa: Girji
Giella:espánnjágiella
Almmustuhtton: Santiago CEDEM 1993
Fáttát:
Fáddágilkorat: Lasit fáddágilkoriid
Eai fáddágilkorat, Lasit vuosttaš fáddágilkora!

MARC

LEADER 00000nam a2200000 a 4500
001 UCX9504
003 CL-VaPUC
008 940610e19930000CL |||||||||||||||||spa|d
082 0 4 |a 613.042  |b ART  |2 21 
100 0 |a Arteaga, Ana María  |e author  |9 326920 
700 0 |a Figueroa, Virginia  |e author  |9 326921 
245 1 3 |a La salud de las mujeres en Chile 
942 |c BK 
945 |d 19940610 00:00:00  |a rbrito 
260 |a Santiago  |b CEDEM  |c 1993 
650 7 |a MUJERES SALUD E HIGIENE  |2 CL-VaPUC  |9 326922 
650 7 |a MUJERES ENFERMEDADES  |2 CL-VaPUC  |9 326923 
583 |a last modification  |c 19940610 00:00:00  |k Rodrigo Vera 
999 |c 228720  |d 228718 
952 |0 0  |1 0  |4 0  |6 613_042000000000000_ART_1993  |7 0  |8 A  |9 229096  |a BIBGIM  |b BIBGIM  |d 2019-11-15  |i 2977079  |o 613.042 ART 1993  |p 2977079  |r 2025-01-15  |w 2019-11-15  |y BK  |k SSL